000 00207 a2200097 4500
001 28607
100 _aShotbolt, C R
245 _aWorkshop Technology Bk-1
260 _a
_bCassell
_c
090 _c19144
_d19144
942 _aNUST-CAE
_cM
_c10163
999 _c263680
_d263680